| 000 | 00897nam a2200205 i 4500 | ||
|---|---|---|---|
| 001 | 59840 | ||
| 003 | ES-MaACL | ||
| 007 | t| | ||
| 008 | 031031q1984 sp ||||1| spa d | ||
| 245 | 0 | 3 | _aLa Escuela de Budapest. |
| 260 |
_aMadrid : _bFundación de Investigaciones Marxistas, _c[1984?] |
||
| 500 | _aEjemplar fotocopiado. | ||
| 505 | 8 | _aContiene: Filosofía, ética y política en la Escuela de Budapest / Francisco José Martínez. Filosofía y política en la década de los 70 : el caso de Agnes Heller / Gerard Vilar. La Gran República ; una utopía democrática socialista / Agnes Heller | |
| 700 | 1 |
_aMartínez, Francisco José. _977743 |
|
| 700 | 1 |
_aVilar, Gerard. _9114794 |
|
| 740 | 0 | _aFilosofía, Etica y política en la Escuela de Budapest. | |
| 740 | 0 | _aFilosfía y política en la década de los 70. | |
| 740 | 3 | _aLa Gran República. | |
| 852 |
_aES-MaACL _jB-9439 _bR.115142 |
||
| 999 |
_c59840 _d59840 |
||